000 nam a22 a 4500
999 _c4032
_d4032
005 20170524162017.0
008 170524b1984 NJ ||||| |||| 00| 0 eng d
020 _a0131560190
040 _aAKMAL
082 _a808.6 TIE
090 _a808.6
_bTIE
245 _aCOMPLETE BOOK OF EFFECTIVE PERSONAL LETTERS
_cROBERT AND ELAINE TIETZ
260 _aNEW JERSEY
_bPRENTICE HALL
_c1984
300 _a328pg,;
_c25 cm
650 _aESSAYS
_97902
942 _2ddc
_cBOOK